000 00482nam a22001697a 4500
003 OSt
005 20140310182325.0
008 130316t xxu||||| |||| 00| 0 eng d
020 _a0895776901
050 _aQL 638.9
_b.R286 1995
082 _aQL638.9
_bR226 1995
245 _aSharks and rays
_cReader's digest young families book
260 _aWestport,CT :
_bJoshua Morris Publishing Inc.,
_c1995.
300 _c25 cm.
_bill. col. ;
942 _2lcc
_cBK-GS
999 _c11892
_d11892